| 000 | 00451nam a2200193Ia 4500 | ||
|---|---|---|---|
| 003 | OSt | ||
| 005 | 20260209122224.0 | ||
| 008 | 250729s1981 xx 000 0 und d | ||
| 040 | _cAL | ||
| 041 | _aeng | ||
| 082 | _a200 SARG | ||
| 100 |
_aSargunam M J _9228680 |
||
| 245 | _aA galaxy of heroes | ||
| 260 |
_aCoimbatore _c1981 |
||
| 300 | _a92p | ||
| 650 |
_aThought & Religion _9228681 |
||
| 700 |
_aSao Digumurthi _9228682 |
||
| 942 |
_2ddc _cBED |
||
| 999 |
_c238078 _d238078 |
||